• 首页
  • 本馆介绍
  • 公告通知
  • 最新文献
  • 馆藏检索
  • 电子资源
  • 读者导购
  • 参考咨询
  • 我的图书馆
  • 登录
  • 详细信息显示
  • 放入我的书架
  • 预约/预借图书
  • 作者相关作品
  • 分类相关作品
  • 丛书相关作品
  • 出版社相关作品

书目信息

  • 表格格式
  • 工作单格式
  • 卡片格式
题名:
通用珠算
    
 
作者: 杨锡琪 , 姚克贤 著
分册:  
出版信息: 济南   山东人民出版社  1981
页数: 364页
开本: 19cm
丛书名:
单 册:
中图分类: O121.5
科图分类:
主题词: 珠算
电子资源:
ISBN:
000 00648nam0 2200241 45
001 0181009882
005 20060808145535.32
010    @dCNY0.97
091    @a7099.964
100    @a19950523d1981 em y0chiy0121 ea
101 0  @achi
102    @aCN@b370000
105    @ay z 000yy
200 10 @a通用珠算@Atong yong zhu suan@f杨锡琪,姚克贤著@Fyang xi qi,yao ke xian zhu
210    @a济南@c山东人民出版社@d1981
215    @a364页@d19cm
606    @a珠算
690    @aO121.5@v3
701  0 @a杨锡琪@Ayang xi qi@4著
701  0 @a姚克贤@Ayao ke xian@4著
801  0 @aCN@b上海图书馆@c20060808
801  2 @aCN@bNLC@c20060727
905    @dO121.5@e112
    
    通用珠算/杨锡琪,姚克贤著.-济南:山东人民出版社,1981
    364页;19cm
    
    
    ISBN :CNY0.97
    
●
相关链接 在E读中查询图书 在五车中查询图书 在当当中查询图书 在豆瓣中查询图书


正题名:通用珠算     索取号:O121.5/112         预约/预借

序号 登录号 条形码 馆藏地/架位号 状态 备注
1 0046837   001245487   第三借阅区/ [索取号:O121.5/112] 在馆    
2 0046838   001245478   第二样本阅览室/ [索取号:O121.5/112] 在馆    
3 0442456   204424569   密集书库/ [索取号:O121.5/112] 在馆    
4 0447368   204473685   密集书库/ [索取号:O121.5/112] 在馆    
唐山师范学院图书馆 欢迎您!
大连网信软件有限公司© 版权所有